000 00760nam a2200229Ia 4500
001 2914
003 GE_BSU
008 181216s||||||||xx |||||||||||||| ||und||
020 _a5282020793; 5282020882
040 _cGE_BSU
080 _a339(100)
100 _aХасбулатов Р. И.
245 _aМировая экономика: В 2-х т. Т.ll= World Economy. voiume l.
245 _bТеория, принципы, политика Роосийская экономическая Академия имени Г.В. Плеханова.
260 _aМосква
260 _bЭкономика
260 _c2001
300 _a674 ст. 24 см. 8
541 _h35 Л.
653 _aМировая экономика:ll
942 _cBK
999 _c36962
_d36962